000 00532nam a2200205Ia 4500
003 OSt
005 20221007082406.0
006 a|||||r|||| 00| 0
007 ta
008 221006b |||||||| |||| 00| 0 eng d
024 _a21,053
037 _cTextual
040 _aFLL
_cFLL
_beng
041 _2eng
_aeng
082 _aV1(Y:4)0y1N4, L7
245 0 _aImpact of international organization on legal and institution...
260 _c1977
942 _hV1(Y:4)0y1N4, L7
_cTEXL
_2CC
999 _c1166276
_d1166276